MARC details
| 000 -CABECERA |
| campo de control de longitud fija |
00964nam a2200253 a 4500 |
| 001 - NÚMERO DE CONTROL |
| campo de control |
000041155 |
| 005 - FECHA Y HORA DE LA ÚLTIMA TRANSACCIÓN |
| campo de control |
20260330121013.0 |
| 008 - DATOS DE LONGITUD FIJA--INFORMACIÓN GENERAL |
| campo de control de longitud fija |
130920s1989 sp ad 001 0 spa d |
| 020 ## - NÚMERO INTERNACIONAL ESTÁNDAR DEL LIBRO |
| Número Internacional Estándar del Libro |
8485861086 |
| 040 ## - FUENTE DE LA CATALOGACIÓN |
| Centro catalogador/agencia de origen |
DO-SdBNP |
| Lengua de catalogación |
spa |
| Centro/agencia transcriptor |
BNPHU |
| 082 ## - NÚMERO DE LA CLASIFICACIÓN DECIMAL DEWEY |
| Número de clasificación |
342.0413 |
| Número de documento/Ítem |
P438m |
| 049 ## - FONDOS LOCALES (OCLC) |
| Fondos de biblioteca |
BNPD |
| 100 1# - ENTRADA PRINCIPAL--NOMBRE DE PERSONA |
| Nombre de persona |
Pérez Prendes, José Manuel |
| 9 (RLIN) |
67701 |
| 245 13 - MENCIÓN DE TÍTULO |
| Título |
La monarquía indiana y el Estado de derecho / |
| Mención de responsabilidad, etc. |
José Manuel Pérez Prendes y Muñoz de Arracó. |
| 260 ## - PUBLICACIÓN, DISTRIBUCIÓN, ETC. |
| Lugar de publicación, distribución, etc. |
Valencia, España : |
| Nombre del editor, distribuidor, etc. |
Asociación Francisco López de Gomara, |
| Fecha de publicación, distribución, etc. |
1989. |
| 300 ## - DESCRIPCIÓN FÍSICA |
| Extensión |
367 p. : |
| Otras características físicas |
il., gráfcs. ; |
| Dimensiones |
24 cm. |
| 490 1# - MENCIÓN DE SERIE |
| Mención de serie |
La Corona y los Pueblos Americanos |
| Designación de volumen o secuencia |
3 |
| 650 #4 - PUNTO DE ACCESO ADICIONAL DE MATERIA--TÉRMINO DE MATERIA |
| Término de materia o nombre geográfico como elemento de entrada |
Derecho colonial español |
| Subdivisión geográfica |
América |
| 9 (RLIN) |
67702 |
| 650 #0 - PUNTO DE ACCESO ADICIONAL DE MATERIA--TÉRMINO DE MATERIA |
| Término de materia o nombre geográfico como elemento de entrada |
Estado de derecho |
| 9 (RLIN) |
10179 |
| 650 #4 - PUNTO DE ACCESO ADICIONAL DE MATERIA--TÉRMINO DE MATERIA |
| Término de materia o nombre geográfico como elemento de entrada |
Monarquía española |
| Subdivisión general |
Historia |
| Subdivisión cronológica |
1400-1800 |
| 9 (RLIN) |
67703 |
| 651 #4 - PUNTO DE ACCESO ADICIONAL DE MATERIA--NOMBRE GEOGRÁFICO |
| Nombre geográfico |
América Latina |
| Subdivisión general |
Historia |
| Subdivisión cronológica |
1492-1830 |
| 9 (RLIN) |
59067 |
| 830 #0 - PUNTO DE ACCESO ADICIONAL DE SERIE-TÍTULO UNIFORME |
| Título uniforme |
La Corona y los Pueblos Americanos |
| Número de parte o sección de la obra |
3 |
| 9 (RLIN) |
67704 |
| 910 ## - DATOS DE OPCIÓN DEL USUARIO (OCLC) |
| Datos de opción del usuario |
Validado. Control de calidad EMS |